| 000 | 01642cam a2200385 a 4500 | ||
|---|---|---|---|
| 999 |
_c533413 _d533413 |
||
| 001 | 727789 | ||
| 003 | NUST | ||
| 005 | 20200101111023.0 | ||
| 008 | 980813s1999 nyuab b 001 0aeng | ||
| 010 | _a 98041038 | ||
| 020 |
_a0297818945 _cRs. 1260 |
||
| 020 |
_a9780297818946 _cRs. 1260 |
||
| 038 | _aMSOHAIL | ||
| 040 |
_aDLC _cDLC _dDLC |
||
| 043 | _an-us--- | ||
| 050 | 0 | 0 |
_aE840.8.K58 _bA3 1999 |
| 082 | 0 | 0 |
_a973.924092 _bKIS |
| 100 | 1 |
_aKissinger, Henry, _d1923- _93781 |
|
| 245 | 1 | 0 |
_aYears of renewal / _cHenry Kissinger. |
| 260 |
_aNew York, NY : _bSimon & Schuster, _c1999. |
||
| 300 |
_a1151 p. : _bill., maps ; _c24 cm. |
||
| 504 | _aIncludes bibliographical references (p. 1081-1120) and index. | ||
| 600 | 1 | 0 |
_aKissinger, Henry, _d1923- _93781 |
| 650 | 0 |
_aCabinet officers _zUnited States _xBiography. _93782 |
|
| 650 | 0 |
_aStatesmen _zUnited States _xBiography. _93783 |
|
| 651 | 0 |
_aUnited States _xForeign relations _y1969-1974. _93784 |
|
| 651 | 0 |
_aUnited States _xForeign relations _y1974-1977. _93785 |
|
| 856 | 4 | 2 |
_3Contributor biographical information _uhttp://www.loc.gov/catdir/bios/simon054/98041038.html |
| 856 | 4 | 1 |
_3Sample text _uhttp://www.loc.gov/catdir/samples/simon031/98041038.html |
| 856 | 4 | 2 |
_3Publisher description _uhttp://www.loc.gov/catdir/description/simon032/98041038.html |
| 856 | 4 | 1 |
_3Table of contents only _uhttp://www.loc.gov/catdir/enhancements/fy0707/98041038-t.html |
| 906 |
_a7 _bcbc _corignew _d1 _eocip _f19 _gy-gencatlg |
||
| 942 |
_2ddc _cBK |
||